Ghalib Awr Akhtar (Record no. 7082)

MARC details
000 -LEADER
fixed length control field 00609nam a2200253 a 4500
020 ## - INTERNATIONAL STANDARD BOOK NUMBER
ISBN
082 00 - DEWEY DECIMAL CLASSIFICATION NUMBER
Classification number 891.4391
Author Cutter ZAI1
100 ## - MAIN ENTRY--AUTHOR NAME
Author name Zaidi, M Akhtar
245 ## - TITLE STATEMENT
Title Ghalib Awr Akhtar
260 ## - PUBLICATION, DISTRIBUTION, ETC. (IMPRINT)
Place of publication Hyderabad
Name of publisher Markazi Anjuman Taleemus Salat
Year of publication 1972
300 ## - PHYSICAL DESCRIPTION
Number of Pages 125p
500 ## - GENERAL NOTE
General note includes index and biblioraphy
505 2# - FORMATTED CONTENTS NOTE
Formatted contents note Appendix
650 ## - SUBJECT ADDED ENTRY--TOPICAL TERM
Topical Term Urdu-Poetry
650 ## - SUBJECT ADDED ENTRY--TOPICAL TERM
Topical Term Poetry-Shia
942 ## - ADDED ENTRY ELEMENTS (KOHA)
Koha item type Books
700 1# -
-- Zaidi, M Akhtar
Holdings
Collection code Home library Current library Date acquired Cost, normal purchase price Full call number Accession Number Koha item type
  Henry Martyn Institute Library Henry Martyn Institute Library 05/31/2007 4.00 891.4391 ZAI1 011628 Books
                   Copyright © 2026 | Henry Martyn Institute | Hyderabad | TS-500052 | INDIA | Implemented by hmi.edu.in
Hit-Count:

Powered by Koha